| 000 | 00932nam a2200229 a 4500 | ||
|---|---|---|---|
| 001 | 47595 | ||
| 003 | BD-RjUL | ||
| 005 | 20211209054341.0 | ||
| 008 | 160809s2004 bg ||||| |||| 00| 0 ben d | ||
| 020 |
_a9840744237 _c: Tk. 100.00 |
||
| 035 | _a(BD-RjUL)47714 | ||
| 040 |
_aBD-RjUL _bben _cBD-RjUL |
||
| 041 | _aben | ||
| 082 |
_223 _a491.4409 _bZAK 2004 |
||
| 100 | 1 |
_aজাহিদ, জাহাঙ্গীর আলম _9120472 |
|
| 245 | 1 | 0 |
_aকুমারখালীর ভাষার সামাজিক স্তর বিন্যাস / _cজাহাঙ্গীর আলম জাহিদ |
| 260 |
_aঢাকা : _bবাংলা একাডেমী, _c২০০ |
||
| 300 |
_a১৭৭ পৃ. ; _c২২ সেমি |
||
| 650 |
_aবাংলা ভাষা _vইতিহাস ও সমালোচনা _9182715 |
||
| 650 |
_aBengal Language _vHistory and Criticism _9182716 |
||
| 942 |
_2ddc _cBK |
||
| 999 |
_c47595 _d47595 |
||